Open Data Biblioteca Nacional de Portugal


República Portuguesa: Ministério da Cultura
Biblioteca Nacional de Portugal

Catálogo da BNP: acesso por Identificadores Unívocos
Registos Bibliográficos associados ao registo de autoridade

Etiqueta de registo: 00230nam 2200025 450
001 1801106
003 http://id.bnportugal.gov.pt/bib/catbnp/1801106
010 ## $a978-989-8148-63-6
021 ## $aPT$b326421/11
100 ## $a20120123d2011 de y0pory0103 ba
101 0# $apor
102 ## $aPT
105 ## $aa z 000yy
106 ## $ar
200 1# $aAjudem-me a estudar!$fBárbara Mourão, Diana Almeida
210 #9 $aPorto$cLivpsic,$d2011
215 ## $a118 p.$cil.$d24 cm
225 2# $aLivpsic.$iPsicologia
675 ## $a37.02/.03(072)$vBN$zpor$31457704
700 #1 $aMourão,$bBárbara$31481357
701 #1 $91$aAlmeida,$bDiana$4070$31481362
801 #0 $aPT$bBN$gRPC
856 41 $uhttp://rnod.bnportugal.gov.pt/ImagesBN/winlibimg.aspx?skey=&doc=1801106&img=5009&save=true
900 ## $aBIBNAC$d20121001
966 ## $lBN$mFGMON$sS.C. 130371 V.$x1
966 ## $lBN$mFGMON$sS.C. 130371 V.-D$x1

OpendataBNP@bnportugal.pt | Mais informação sobre acesso aos dados BNP